| 000 | 00862cam a22002651 4500 | ||
|---|---|---|---|
| 001 | ne 67001448 | ||
| 003 | DLC | ||
| 005 | 20260227111834.0 | ||
| 008 | 881207s1967 ua a 000 0 ara | ||
| 010 | _ane 67001448 | ||
| 025 | _aPL480:UAR-8415 | ||
| 035 | _a(OCoLC)18855057 | ||
| 040 |
_aDLC _cWaU _dWaU _dDLC |
||
| 042 | _apremarc | ||
| 043 | _af-ua--- | ||
| 050 | 0 | 0 |
_aTC558.E5 _bA8347 |
| 100 | 1 | _aIbrāhīm, Ṣunʻ Allāh. | |
| 245 | 1 | 0 |
_aInsān al-Sadd al-ʻĀlī _c[taʼlīf] Ṣunʻ Allāh Ibrāhīm [wa]-Kamāl al-Qilsh [wa]-Raʼūf Musʻad. |
| 260 |
_a[al-Qāhirah, _bDār al-Kitāb al-ʻArabī lil-Tibāʻah wa-al-Nashr, _c1967] |
||
| 300 |
_a134 p. _billus. _c24 cm. |
||
| 490 | 0 |
_aMin al-Sharq wa-al-Gharb, _v201 |
|
| 651 | 0 | _aAswan High Dam (Egypt) | |
| 700 | 1 |
_aQilsh, Kamāl, _ejoint author. |
|
| 700 | 1 |
_aMusʻad, Raʼūf, _ejoint author. |
|
| 999 |
_c49746 _d49746 |
||